Estafeta de los muertos / (Record no. 37533)

MARC details
000 -LEADER
campo de control de longitud fija 01483nam a2200265 i 4500
001 - NÚMERO DE CONTROL
campo de control 37533
003 - IDENTIFICADOR DE NÚMERO DE CONTROL
campo de control ES-MaACL
005 - FECHA Y HORA DE LA ÚLTIMA TRANSACCIÓN
campo de control 20250820063024.0
007 - CAMPO FIJO DE DESCRIPCIÓN FÍSICA--INFORMACIÓN GENERAL
campo de control de longitud fija t|
008 - DATOS DE LONGITUD FIJA--INFORMACIÓN GENERAL
campo de control de longitud fija 030317s1890 sp ||||1| spa d
080 ## - NÚMERO DE LA CLASIFICACIÓN DECIMAL UNIVERSAL
Número de la Clasificación Decimal Universal 929(460)"15/18":61
100 1# - ENTRADA PRINCIPAL--NOMBRE DE PERSONA
Nombre de persona Comenge y Ferrer, Luis,
Fechas asociadas al nombre 1854-1916
9 (RLIN) 126554
245 10 - MENCIÓN DEL TÍTULO
Título Estafeta de los muertos /
Mención de responsabilidad, etc. por D. Luis Comenge y D. José de Letamendi.
260 ## - PUBLICACIÓN, DISTRIBUCIÓN, ETC.
Lugar de publicación, distribución, etc. Madrid :
Nombre del editor, distribuidor, etc. [s.n.],
Fecha de publicación, distribución, etc. 1890 (
Fabricante Estab. Tip. de Fortanet)
300 ## - DESCRIPCIÓN FÍSICA
Extensión 63 p. :
Otras características físicas il. ;
Dimensiones 24 cm.
505 8# - NOTA DE CONTENIDO CON FORMATO
Nota de contenido con formato Contiene: Al que leyere / E. Suénder . Al Dr. D. E. Suénder: epístola de un exvivo en que se tratan asuntos de medicina / Dr. Fernando de Mena ; por la copia y corrección, Luscinda Protoplasma de Sangredo . Carta al espíritu del preclaro Dr. Francisco Díaz... Enderezatorio: a la muy conspicua, discreta y jugosa señora doctora Doña Luscinda Protoplasma de Sangredo... / José de Letamendi . Epístola: venerable espíritu del que fue en vida doctor Francisco Díaz... / José de Letamendi
530 ## - NOTA DISPONIBLE DE FORMULARIO FÍSICO ADICIONAL
Nota de formato físico adicional disponible Disponible en formato digital.
594 ## - Nota al título y mención de responsabilidad
Nota al título y mención de responsabilidad Fernando de Mena y Lucinda Protoplasma son seud. de Luis Comenge y Ferrer.
650 #4 - PUNTO DE ACCESO ADICIONAL DE MATERIA--TÉRMINO DE MATERIA
Término de materia o nombre geográfico como elemento de entrada Médicos-
Subdivisión geográfica España-
Subdivisión de forma Biografías.
9 (RLIN) 144463
700 1# - ENTRADA AGREGADA--NOMBRE PERSONAL
Nombre de persona Letamendi, José de,
Fechas asociadas al nombre 1828-1897
9 (RLIN) 71873
700 1# - ENTRADA AGREGADA--NOMBRE PERSONAL
Nombre de persona Suénder, Enrique (
Fechas asociadas al nombre 1829-1897)
9 (RLIN) 108728
852 ## - LOCALIZACIÓN
Ubicación ES-MaACL
Número de control de estantería T-1111-F-5
856 ## - LOCALIZACIÓN Y ACCESO ELECTRÓNICOS
Identificador Uniforme de Recursos <a href="http://bdh-rd.bne.es/viewer.vm?id=0000076172&page=1 ">http://bdh-rd.bne.es/viewer.vm?id=0000076172&page=1 </a>
Nota pública Biblioteca Digital Hispánica
Holdings
Estatus retirado Estado de pérdida Estado de daño No para préstamo Colección Biblioteca de origen Biblioteca actual Ubicación en estantería Fecha de adquisición Fuente de adquisición Total de préstamos Signatura topográfica completa Código de barras Visto por última vez Precio de reemplazo Tipo de ítem Koha
        Colección de folletos Biblioteca del Ateneo de Madrid Biblioteca del Ateneo de Madrid Depósito folletos 17/01/2008     T-1111-F-5 1039508 23/02/2023 23/02/2023 Folleto